Comrades and sisters : feminism, socialism, and pacifism in Europe, 1870-1945 /

Bibliographic Details
Main Author: Evans, Richard J.
Format: Book
Language:English
Published: Brighton, Sussex : New York : Wheatsheaf Books ; St. Martin's Press, 1987.
Subjects:

MARC

Tag First Indicator Second Indicator Subfields
LEADER 00000cam a2200000 a 4500
001 in00000012111
005 20151007051749.0
008 870326s1987 enk b 00110 eng
010 |a  87009475  
020 |a 0312009631 (St. Martin's Press) :  |c $25.00 (est.) 
035 |a (OCoLC)15550659 
035 |9 AAA4662AM 
040 |a DLC  |c DLC  |d TXA  |d UtOrBLW 
043 |a ew----- 
049 |a TXAM  |c [A11482199] 
050 0 0 |a HQ1236.5.E85  |b E82 1987 
082 0 |a 305.4/2/094  |2 19 
100 1 |a Evans, Richard J. 
245 1 0 |a Comrades and sisters :  |b feminism, socialism, and pacifism in Europe, 1870-1945 /  |c Richard J. Evans. 
264 1 |a Brighton, Sussex :  |b Wheatsheaf Books ;  |a New York :  |b St. Martin's Press,  |c 1987. 
300 |a xii, 203 pages ;  |c 23 cm. 
336 |a text  |b txt  |2 rdacontent 
337 |a unmediated  |b n  |2 rdamedia 
338 |a volume  |b nc  |2 rdacarrier 
504 |a Includes bibliographies and index. 
650 0 |a Women's rights  |z Europe  |x History  |y 20th century. 
650 0 |a Women and socialism  |z Europe  |x History  |y 20th century. 
650 0 |a Women  |x Political activity  |z Europe  |x History  |y 20th century. 
650 0 |a Pacifism  |x History  |y 20th century. 
999 |a MARS 
999 f f |s 7fc13b32-e808-3129-a99c-44d2f63ac5ec  |i a260a244-b075-3eb7-beaa-335ada9d7c02  |t 0 
952 f f |p ric  |a Texas A&M University  |b Rellis Campus  |c Joint Library Facility  |d Remote Storage  |t 0  |e HQ1236.5.E85 E82 1987  |h Library of Congress classification  |i unmediated -- volume  |m A14811482199 
998 f f |a HQ1236.5.E85 E82 1987  |t 0  |l Remote Storage